UM Logo

Curriculum development/ (Record no. 5655)

MARC details
000 -LEADER
fixed length control field 00656nam a22001817a 4500
008 - FIXED-LENGTH DATA ELEMENTS--GENERAL INFORMATION
fixed length control field 161115b xxu||||| |||| 00| 0 eng d
020 ## - INTERNATIONAL STANDARD BOOK NUMBER
International Standard Book Number 978-971-9656-16-6
082 ## - DEWEY DECIMAL CLASSIFICATION NUMBER
Edition number 2015
Classification number DFil 375.001
Item number R33c
100 ## - MAIN ENTRY--PERSONAL NAME
9 (RLIN) 17361
Personal name Reyes, Emerita.
Relator term author.
245 ## - TITLE STATEMENT
Title Curriculum development/
Statement of responsibility, etc. Emerita Reyes, Erlinda Dizon and Danilo K. Villena.
260 ## - PUBLICATION, DISTRIBUTION, ETC. (IMPRINT)
Place of publication, distribution, etc. Quezon City:
Name of publisher, distributor, etc. Adriana Publishing Co., Inc.,
Date of publication, distribution, etc. c2015.
300 ## - PHYSICAL DESCRIPTION
Extent xiii, 218 pages;
Dimensions 26 cm.
500 ## - GENERAL NOTE
General note Includes bibliographical references.
650 #0 - SUBJECT ADDED ENTRY--TOPICAL TERM
9 (RLIN) 17364
Topical term or geographic name as entry element Curriculum development.
700 ## - ADDED ENTRY--PERSONAL NAME
9 (RLIN) 17362
Personal name Dizon, Erlinda.
Relator term author.
700 ## - ADDED ENTRY--PERSONAL NAME
9 (RLIN) 17363
Personal name Villena, Danilo K.
Relator term author.
942 ## - ADDED ENTRY ELEMENTS (KOHA)
Source of classification or shelving scheme Dewey Decimal Classification
Koha item type Filipiniana
Holdings
Withdrawn status Lost status Source of classification or shelving scheme Damaged status Not for loan Collection code Home library Current library Shelving location Date acquired Source of acquisition Cost, normal purchase price Total Checkouts Full call number Barcode Date last seen Date last checked out Price effective from Koha item type
    Dewey Decimal Classification     Filipiniana UM Digos College - LIC UM Digos College - LIC Book Cart 10/27/2016 Purchased 520.00 65 DFil 375.001 R33c 2015 24385 01/22/2026 01/19/2026 11/15/2016 Filipiniana